Výpočty prúdových hustôt, strát a magnetických polí v nízkonapäťových zvitkových vinutiach transformátorov : Evidenčný list počítačového programu. A08-333-811/01 E02

Gespeichert in:
Bibliographische Detailangaben
Hauptverfasser: Vronský, Mojmír (Verfasst von), Černuška, Peter (Verfasst von), Dulík, Patrik (Verfasst von), Cifra, Peter (Verfasst von), Kváčala, Peter (Verfasst von), Vojtek, Andrej (Verfasst von)
Format: Buch
Veröffentlicht: Bratislava : SVŠT v Bratislave EF, 1990
Tags: Tag hinzufügen
Keine Tags, Fügen Sie das erste Tag hinzu!

MARC

LEADER 00000nam a22000003a 4500
001 stu234958
005 20150617230145.1
008 110928s1990----------------------------d
040 |a STU  |b slo 
041 0
100 1 |a Vronský, Mojmír  |4 aut 
245 1 |a Výpočty prúdových hustôt, strát a magnetických polí v nízkonapäťových zvitkových vinutiach transformátorov :  |b Evidenčný list počítačového programu. A08-333-811/01 E02 
260 |a Bratislava :  |b SVŠT v Bratislave EF,  |c 1990 
300 |a 40 s 
700 1 |a Černuška, Peter  |4 aut 
700 1 |a Dulík, Patrik  |4 aut 
700 1 |a Cifra, Peter  |4 aut 
700 1 |a Kváčala, Peter  |4 aut 
700 1 |a Vojtek, Andrej  |4 aut 
996 |b EVYSK-S-455  |c E*VYSK-S-455  |l E  |s P  |a 0  |w stu234958_0001